| 000 | 00742nam a22002177a 4500 | ||
|---|---|---|---|
| 999 |
_c181848 _d181848 |
||
| 005 | 20211007112127.0 | ||
| 010 | _aB-741712 | ||
| 020 |
_a9789353793067 _c400.00 |
||
| 035 | _aB-741712 | ||
| 037 | _aGift | ||
| 082 | _a485 | ||
| 100 | _aDharamdeep | ||
| 245 |
_aM.E.G.-4,Aspects Of Language / _cDharamdeep |
||
| 260 |
_a Delhi _bNeeraj Publications _c202? |
||
| 270 |
_a1507,Ist Floor,Nai Sarak _b Delhi _e110006 _k011-23260329,45704411, 23244362, 23285501 _minfo@neerajignoubooks.com |
||
| 300 |
_a316p. _c24cm(pbk) |
||
| 500 | _aI.G.N.O.U. Based Queation Bank Cum Chapterwise Reference Book | ||
| 700 | _aMangla, N.K. | ||
| 942 |
_2ddc _cEN _mDHA _h485 |
||